| 000 | 00576nam a22001817a 4500 | ||
|---|---|---|---|
| 005 | 20160721132708.0 | ||
| 010 | _aENG-115482 | ||
| 020 |
_a9789381384428 _c150.00 |
||
| 035 | _aEN-99014 | ||
| 037 | _bDBAD/PUB | ||
| 082 | _a158.1 | ||
| 100 | _aSharma O.P. | ||
| 245 |
_aBe a winner : _bmoral boosting tips for a confident and successful personality / _cRajendar Menen |
||
| 260 |
_aNew Delhi _bV & S Publishers _c2015 |
||
| 270 |
_aF-2/16,Ansari Road,Daryaganj _bNew Delhi _e110002 |
||
| 300 |
_a134p. : _c21cm(pbk) _bill |
||
| 942 |
_2ddc _cEN _h158.1 _mSHA |
||
| 999 |
_c101412 _d101412 |
||